| 000 | 00415nam a2200169Ia 4500 | ||
|---|---|---|---|
| 008 | 230524s9999 xx 000 0 und d | ||
| 082 |
_a3 _bPRI |
||
| 100 | _aShanthi Prince | ||
| 245 | 0 | _aOptical and Opto Electronic Instrumentation | |
| 250 | _a1ST | ||
| 260 |
_aCHENNAI _bScitech _c2001 |
||
| 300 | _a274 | ||
| 500 | _aQuantity Number: 2 | ||
| 650 | _aElectronics | ||
| 700 | _a K. Annapuvani | ||
| 942 | _cBK | ||
| 999 |
_c19489 _d19489 |
||